000 00651nam a22002177a 4500
003 UA-OsUOA
001 116161
007 ta
008 20160210b un ||||| |||| 00| 0 ukr d
100 _aБіляцька В.
090 _a82
_bБ67
942 _cSA
040 _aUA-OsUOA
_bukr
_cUA-OsUOA
_dUA-OsUOA
245 _aФункціонування етнообразів у сучасних романах у віршах
300 _aС.78-84
955 _a0
041 _aukr
080 _a82
773 0 _w116156
_tМандрівець
_dТернопіль
_d2015
_g4
650 7 _a82 Література. Літературознавство
_2UDC
999 _c401974
_d401974